LEADER 00952nam0 2200277 450 001 9910275959803321 005 20180704094132.0 010 $a978-88-916-2555-7 100 $a20180704d2017---- km y0itay50 ba 101 0 $aita 102 $aIT 105 $ay 001yy 200 1 $a<> principio applicato della contabilità economico patrimoniale$el'allegato 4/3 del D.lgs. 118/2011 dopo il sesto decreto correttivo$fElisabetta Civetta 205 $a2. ed. 210 $aTorino$cGiappichelli$d2017 215 $aSantarcangelo di Romagna$cMaggioli$d2017 225 1 $aProgetto ente locale$ibilancio contabilità e tributi 676 $a657$v23$zita 700 1$aCivetta$bElisabetta$0602688 801 0$aIT$bUNINA$gREICAT$2UNIMARC 901 $aBK 912 $a9910275959803321 952 $aAZRAG264A$b1502$fDECBC 959 $aDECBC 996 $aPrincipio applicato della contabilità economico patrimoniale$91503639 997 $aUNINA